Feyenoord all time starting xi - Statistics

General Stats
  • This quiz has been taken 42 times
  • The average score is 3 of 11
Answer Stats
Hint Answer % Correct
MF(Netherlands Willem van Hanegem
64%
FW(Netherlands Dirk Kuyt
58%
FW(Dennark Jon Dahl Tomasson
39%
FW(Sweden Ove Kindvall
36%
MF(Netherlands Wim Jansen
36%
DF(Netherlands Rinus Israël
31%
GK(Netherlands Eddy Treijtel
14%
MF(Netherlands Steven Berghuis
14%
DF(Netherlands Ben Wijnstekers
11%
DF(Netherlands Patrick Paauwe
8%
DF(Netherlands Sjaak Troost
3%
No matching quizzes found
Score Distribution
Percent of People with Each Score
Percentile by Number Answered
Your Score History
You have not taken this quiz